[Event "Berlin Kreuzberg op"]
[Site "Berlin"]
[Date "2015.07.12"]
[Round "2"]
[White "Schmidek, Emil"]
[Black "Bachran, Boris"]
[Result "1-0"]
[WhiteElo "2228"]
[BlackElo "1975"]
[PlyCount "109"]
[EventDate "2015.07.11"]
[EventType "swiss"]
[EventRounds "9"]
[EventCountry "GER"]
[SourceTitle "CBM 167 Extra"]
[Source "ChessBase"]
[SourceDate "2015.09.14"]
[SourceVersion "1"]
[SourceVersionDate "2015.09.14"]
[SourceQuality "1"]

1. e4 c5 2. Nf3 d6 3. d4 cxd4 4. Nxd4 g6 5. c4 Bg7 6. Nc3 Nc6 7. Be3 Bd7 8. Be2 Nf6 9. 0-0 0-0 10. Qd2 Nxd4 11. Bxd4 Bc6 12. f3 b6 13. Rac1 Qd7 14. b3 Rfd8 15. Nd5 Ne8 16. Bxg7 Nxg7 17. Rfd1 Rac8 18. Qe3 f6 19. h3 Qe6 20. c5 Bxd5 21. Rxd5 Qd7 22. cxd6 Rxc1+ 23. Qxc1 exd6 24. Bb5 Qe7 25. Qd2 Ne6 26. Bc4 Kg7 27. b4 g5 28. Rf5 Nf4 29. Qb2 h6 30. h4 Kg6 31. Qc2 Kg7 32. Qc3 Rc8 33. Kh2 Ne6 34. Qd3 Nf8 35. Qd4 Kg6 36. Bb3 Ne6 37. Qd5 Nf4 38. Rxf4 gxf4 39. Qf5+ Kg7 40. Qxc8 f5 41. Qg8+ Kf6 42. exf5 Kxf5 43. Qd5+ Kf6 44. Qd4+ Qe5 45. Qxe5+ Kxe5 46. g3 fxg3+ 47. Kxg3 d5 48. f4+ Ke4 49. Kg4 d4 50. f5 Ke5 51. Kh5 Kxf5 52. Kxh6 d3 53. h5 a5 54. bxa5 bxa5 55. Kg7 1-0

[Event "Potsdam Christmas 34th"]
[Site "Potsdam"]
[Date "2009.12.29"]
[Round "5.13"]
[White "Schirrmacher, Carsten"]
[Black "Bachran, Boris"]
[Result "1-0"]
[WhiteElo "2112"]
[BlackElo "1951"]
[PlyCount "209"]
[EventDate "2009.12.27"]
[EventType "swiss"]
[EventRounds "7"]
[EventCountry "GER"]
[SourceTitle "EXT 2022"]
[Source "ChessBase"]
[SourceDate "2021.10.06"]
[SourceVersion "1"]
[SourceVersionDate "2021.10.06"]
[SourceQuality "1"]

1. d4 d5 2. c4 Nc6 3. Nf3 Bg4 4. e3 Bxf3 5. Qxf3 e6 6. cxd5 Bb4+ 7. Nc3 Qxd5 8. Qg3 Bxc3+ 9. bxc3 Qa5 10. Bd2 g6 11. Bc4 Nf6 12. Qh4 Qf5 13. f3 Nh5 14. e4 Qa5 15. g4 Ng7 16. Qf6 0-0 17. 0-0 Ne8 18. Qf4 e5 19. Qe3 exd4 20. cxd4 Qa4 21. Rac1 Nd6 22. Bd5 Qxd4 23. Bxc6 Qxe3+ 24. Bxe3 bxc6 25. Rxc6 Rfc8 26. Rfc1 Ne8 27. a4 Rd8 28. Ra6 Rd6 29. Rcc6 Rxc6 30. Rxc6 a6 31. Kf2 f6 32. g5 fxg5 33. Bxg5 Kf7 34. e5 Ra7 35. Be3 Ra8 36. Bc5 a5 37. Kg3 Rd8 38. e6+ Kg7 39. Ra6 Rd5 40. Rxa5 Kf6 41. e7 Kf7 42. Kf4 Nd6 43. Bb6 Rf5+ 44. Rxf5+ Nxf5 45. Bxc7 Kxe7 46. Be5 Ke6 47. a5 Ne7 48. Bb8 Nd5+ 49. Kg5 Kf7 50. a6 Nb6 51. Bc7 Na8 52. Ba5 Kg7 53. Bc3+ Kf7 54. a7 Nc7 55. Ba5 Na8 56. h3 Kg7 57. Bc3+ Kf7 58. Ba5 Kg7 59. Kf4 Kf6 60. Bd8+ Ke6 61. Kg5 Kf7 62. Kf4 Ke6 63. Ke4 Kd7 64. Ba5 Ke6 65. Kd4 Kd6 66. Kc4 Kc6 67. Kd4 Kd6 68. h4 h6 69. Ke4 Ke6 70. Bd2 h5 71. Ba5 Kd6 72. Kf4 Ke6 73. Kg5 Kf7 74. Kh6 Kf6 75. Bd8+ Kf7 76. Kh7 Ke8 77. Ba5 Kf7 78. f4 Kf6 79. Bd8+ Kf5 80. Kh6 Kxf4 81. Kxg6 Kg4 82. Kh6 Kf4 83. Kxh5 Kf5 84. Kh6 Ke6 85. Kg7 Kd7 86. Ba5 Kc6 87. h5 Kb5 88. Bd8 Ka6 89. h6 Kb7 90. h7 Kxa7 91. h8Q Kb7 92. Qh1+ Ka7 93. Kf7 Kb8 94. Ke8 Ka7 95. Qa1+ Kb7 96. Qb2+ Kc8 97. Qc3+ Kb7 98. Kd7 Ka6 99. Kc6 Ka7 100. Qe3+ Kb8 101. Qe5+ Kc8 102. Qe6+ Kb8 103. Qd6+ Ka7 104. Qd7+ Nc7 105. Qxc7+ 1-0

[Event "Potsdam Christmas 34th"]
[Site "Potsdam"]
[Date "2009.12.28"]
[Round "4.19"]
[White "Bachran, Boris"]
[Black "Heinrich, Daniela"]
[Result "1-0"]
[WhiteElo "1951"]
[BlackElo "1421"]
[PlyCount "105"]
[EventDate "2009.12.27"]
[EventType "swiss"]
[EventRounds "7"]
[EventCountry "GER"]
[SourceTitle "EXT 2022"]
[Source "ChessBase"]
[SourceDate "2021.10.06"]
[SourceVersion "1"]
[SourceVersionDate "2021.10.06"]
[SourceQuality "1"]

1. d4 Nf6 2. Nf3 g6 3. Bf4 Bg7 4. c3 d6 5. e3 Nbd7 6. Bc4 c5 7. a4 0-0 8. 0-0 Nh5 9. Re1 cxd4 10. cxd4 Nxf4 11. exf4 e6 12. Nc3 Nf6 13. d5 Re8 14. dxe6 Bxe6 15. Bxe6 Rxe6 16. Rxe6 fxe6 17. Qb3 Qd7 18. Re1 Re8 19. Ng5 d5 20. Nb5 h6 21. Nf3 a6 22. Ne5 Qe7 23. Nxg6 Qc5 24. Nc3 Ng4 25. Re2 Bd4 26. Nd1 Qc1 27. Qd3 Qc4 28. Qxc4 dxc4 29. h3 Nf6 30. Rc2 b5 31. axb5 axb5 32. Nc3 b4 33. Nb5 b3 34. Rxc4 Bxb2 35. Rb4 Bc1 36. Rxb3 Kg7 37. Rc3 Bd2 38. Rd3 Bc1 39. Rd1 Rc8 40. Ne7 Rc5 41. Nd4 Kf7 42. Nb3 Rc4 43. Nxc1 Kxe7 44. g3 Ne4 45. Re1 Nd2 46. Kg2 Kf6 47. Nd3 h5 48. h4 Rd4 49. Ne5 Ne4 50. Nf3 Rb4 51. Ng5 Nc5 52. Re5 Rc4 53. Rxc5 1-0

[Event "Dos Hermanas Internet qual-E 10th"]
[Site "ICC INT"]
[Date "2009.03.15"]
[Round "7"]
[White "Nunez, Fernando Hidalgo"]
[Black "Bachran, Boris"]
[Result "0-1"]
[WhiteElo "2070"]
[BlackElo "1956"]
[PlyCount "78"]
[EventDate "2009.03.15"]
[EventType "swiss (blitz)"]
[EventRounds "12"]
[EventCountry "ESP"]
[SourceTitle "CBM 129 Extra"]
[Source "ChessBase"]
[SourceDate "2009.05.05"]
[SourceVersion "2"]
[SourceVersionDate "2009.05.20"]
[SourceQuality "1"]

1. e4 d5 2. exd5 Nf6 3. Nf3 Nxd5 4. d4 Nf6 5. Be2 Bf5 6. 0-0 e6 7. c4 c6 8. Nc3 Bd6 9. h3 Ne4 10. Be3 Nxc3 11. bxc3 Qc7 12. c5 Bf4 13. Qd2 Bxe3 14. Qxe3 0-0 15. Ne5 Nd7 16. Nc4 Bg6 17. Nd6 b5 18. c4 a6 19. a3 Nf6 20. f4 Ne8 21. Qe5 bxc4 22. Bxc4 Nxd6 23. cxd6 Qd7 24. Rab1 Bxb1 25. Rxb1 Rfd8 26. Rb6 Qxd6 27. Qxd6 Rxd6 28. Bxa6 Rxd4 29. Rxc6 g6 30. g3 Kg7 31. Kf2 Ra4 32. Bb7 R8a7 33. Bc8 Rxa3 34. h4 Ra2+ 35. Kf3 R7a3+ 36. Kg4 h5+ 37. Kh3 Re3 38. Rc7 Ree2 39. g4 Ra3+ 0-1

[Event "Dos Hermanas Internet qual-C 10th"]
[Site "ICC INT"]
[Date "2009.03.14"]
[Round "2"]
[White "Dziuba, Marcin"]
[Black "Bachran, Boris"]
[Result "1-0"]
[WhiteElo "2556"]
[BlackElo "1956"]
[PlyCount "61"]
[EventDate "2009.03.14"]
[EventType "swiss (blitz)"]
[EventRounds "12"]
[EventCountry "ESP"]
[SourceTitle "CBM 129 Extra"]
[Source "ChessBase"]
[SourceDate "2009.05.05"]
[SourceVersion "2"]
[SourceVersionDate "2009.05.20"]
[SourceQuality "1"]

1. d4 d5 2. c4 e6 3. Nc3 c6 4. e3 f5 5. Bd3 Nf6 6. Nf3 Bd6 7. 0-0 0-0 8. b3 Qe7 9. Bb2 Nbd7 10. Ne2 a6 11. a3 b5 12. Ne5 Bxe5 13. dxe5 Ng4 14. cxb5 cxb5 15. a4 b4 16. Nf4 Ngxe5 17. Be2 a5 18. Rc1 Ng6 19. Qd2 Nxf4 20. exf4 Nf6 21. f3 Ba6 22. Rc6 Bxe2 23. Qxe2 Rfe8 24. Rfc1 Rad8 25. Bd4 h6 26. Qb5 Ra8 27. Rc7 Qd6 28. Qb7 Nh5 29. Rxg7+ Kh8 30. Rh7+ Kg8 31. Qf7# 1-0

[Event "Dos Hermanas Internet qual-A 10th"]
[Site "ICC INT"]
[Date "2009.03.13"]
[Round "9"]
[White "Bachran, Boris"]
[Black "Prasca Sosa, Rafael Felipe"]
[Result "0-1"]
[WhiteElo "1956"]
[BlackElo "2415"]
[PlyCount "116"]
[EventDate "2009.03.13"]
[EventType "swiss (blitz)"]
[EventRounds "12"]
[EventCountry "ESP"]
[SourceTitle "CBM 129 Extra"]
[Source "ChessBase"]
[SourceDate "2009.05.05"]
[SourceVersion "2"]
[SourceVersionDate "2009.05.20"]
[SourceQuality "1"]

1. d4 d5 2. c3 c6 3. Bf4 Nf6 4. e3 Bf5 5. Nf3 Nbd7 6. Bg3 e6 7. Bd3 Be7 8. Qc2 Bxd3 9. Qxd3 0-0 10. Nbd2 Re8 11. e4 dxe4 12. Nxe4 Nxe4 13. Qxe4 Nf6 14. Qe2 Bd6 15. 0-0 Rc8 16. Rfe1 c5 17. Bxd6 Qxd6 18. dxc5 Qxc5 19. Rad1 h6 20. Qe3 Qa5 21. a3 a6 22. Re2 Qb5 23. Red2 Nd5 24. Qe2 Qb6 25. g3 Nf6 26. Kg2 a5 27. h4 Qc6 28. Rd6 Qc7 29. R6d2 b6 30. Nd4 Qc5 31. Qf3 e5 32. Nb3 Qb5 33. Nc1 e4 34. Qe2 Qf5 35. Nb3 e3 36. Rd4 exf2 37. Qxf2 Qe6 38. Rf1 Qxb3 39. Rf4 Qe6 40. Qf3 Qe2+ 41. Rf2 Qxf3+ 42. Kxf3 Rcd8 43. g4 Rd3+ 44. Kg2 Re7 45. g5 hxg5 46. hxg5 Nh5 47. Rf5 g6 48. Rb5 Re6 49. c4 Rde3 50. c5 bxc5 51. Rxc5 R3e5 52. Rfc2 Kg7 53. b4 axb4 54. axb4 Nf4+ 55. Kf3 Nd3 56. Rxe5 Nxe5+ 57. Ke4 Nc6+ 58. Kd5 Nxb4+ 0-1

[Event "Dos Hermanas Internet qual-A 10th"]
[Site "ICC INT"]
[Date "2009.03.13"]
[Round "8"]
[White "Getz, Alec S"]
[Black "Bachran, Boris"]
[Result "1/2-1/2"]
[WhiteElo "2223"]
[BlackElo "1956"]
[PlyCount "136"]
[EventDate "2009.03.13"]
[EventType "swiss (blitz)"]
[EventRounds "12"]
[EventCountry "ESP"]
[SourceTitle "CBM 129 Extra"]
[Source "ChessBase"]
[SourceDate "2009.05.05"]
[SourceVersion "2"]
[SourceVersionDate "2009.05.20"]
[SourceQuality "1"]

1. d4 d5 2. c4 Nf6 3. cxd5 Nxd5 4. e4 Nf6 5. Nc3 Bg4 6. Qb3 b6 7. Bc4 e6 8. Be3 Be7 9. h3 Bh5 10. Nge2 0-0 11. 0-0 Nbd7 12. Nf4 c5 13. Bxe6 cxd4 14. Bxd4 Bc5 15. Bxd7 Bxd4 16. Nxh5 Qxd7 17. Nxf6+ Bxf6 18. Nd5 Be5 19. Rad1 Qb7 20. f4 Bd6 21. e5 Bc5+ 22. Kh1 Rad8 23. Qf3 Kh8 24. b4 Be7 25. f5 Rfe8 26. f6 Bf8 27. fxg7+ Bxg7 28. Nf6 Qxf3 29. gxf3 Rxd1 30. Rxd1 Bxf6 31. exf6 h5 32. Rd7 Kg8 33. Rxa7 Re6 34. a4 Rxf6 35. Kg2 Rf4 36. b5 Kg7 37. Ra6 h4 38. Kf2 Rb4 39. Ke3 f6 40. Rxb6 Rxa4 41. Rb8 Kg6 42. b6 Kf5 43. b7 Rb4 44. Kd3 Rb1 45. Kc4 Kf4 46. Kd5 f5 47. Ke6 Rb6+ 48. Kd7 Kxf3 49. Kc7 Rb1 50. Rf8 Rxb7+ 51. Kxb7 f4 52. Kc6 Kg3 53. Kd5 Kxh3 54. Rxf4 Kg3 55. Ke4 h3 56. Rf8 h2 57. Rg8+ Kf2 58. Rf8+ Kg2 59. Rg8+ Kf2 60. Rh8 Kg2 61. Rg8+ Kf2 62. Rf8+ Kg2 63. Rg8+ Kf2 64. Rf8+ Kg2 65. Rg8+ Kf2 66. Rf8+ Kg2 67. Rh8 h1Q 68. Rxh1 Kxh1 1/2-1/2

[Event "Berlin Unicorn op"]
[Site "Berlin"]
[Date "2008.05.04"]
[Round "7"]
[White "Kostre, Margarita"]
[Black "Bachran, Boris"]
[Result "0-1"]
[WhiteElo "1752"]
[BlackElo "1967"]
[PlyCount "102"]
[EventDate "2008.04.30"]
[EventType "swiss"]
[EventRounds "7"]
[EventCountry "GER"]
[SourceTitle "CBM 124 Extra"]
[Source "ChessBase"]
[SourceDate "2008.07.03"]
[SourceVersion "1"]
[SourceVersionDate "2008.07.03"]
[SourceQuality "1"]

1. e4 e6 2. d4 c5 3. d5 Nf6 4. dxe6 dxe6 5. Qxd8+ Kxd8 6. e5 Nd5 7. c4 Nb4 8. Na3 N8c6 9. Bg5+ Be7 10. Nf3 Bxg5 11. Nxg5 Nxe5 12. f4 h6 13. Nxe6+ Bxe6 14. fxe5 Nc6 15. 0-0-0+ Ke7 16. Bd3 Nxe5 17. Rhe1 Nxd3+ 18. Rxd3 a6 19. Rb3 Rhb8 20. Rb6 Kd7 21. Rb3 Kc6 22. Rg3 g5 23. b3 b5 24. Re4 bxc4 25. Nxc4 Bxc4 26. Rxc4 f5 27. Rh3 Kd5 28. Rd3+ Kc6 29. Rh3 Kd5 30. Rd3+ Ke6 31. Rxc5 Rc8 32. Rdc3 Rxc5 33. Rxc5 Rd8 34. Kc2 f4 35. h4 Rg8 36. h5 g4 37. Kd3 Kd6 38. Rf5 f3 39. gxf3 g3 40. Rf6+ Ke7 41. Rf4 g2 42. Re4+ Kf6 43. Rf4+ Ke5 44. Re4+ Kf5 45. Re1 g1Q 46. Rxg1 Rxg1 47. b4 Ra1 48. Kc2 Rxa2+ 49. Kb3 Rf2 50. Ka4 Rxf3 51. Ka5 Rf4 0-1

[Event "Berlin op 05"]
[Site "Berlin"]
[Date "2006.05.28"]
[Round "7"]
[White "Reiche, Henry"]
[Black "Bachran, Boris"]
[Result "0-1"]
[WhiteElo "1952"]
[BlackElo "1861"]
[PlyCount "56"]
[EventDate "2006.05.24"]
[EventType "swiss"]
[EventRounds "7"]
[EventCountry "GER"]
[SourceTitle "EXT 2007"]
[Source "ChessBase"]
[SourceDate "2006.11.23"]
[SourceVersion "1"]
[SourceVersionDate "2006.11.23"]
[SourceQuality "1"]

1. e4 c6 2. d4 d5 3. e5 Bf5 4. Nf3 h5 5. Bd3 Bxd3 6. Qxd3 e6 7. h4 g6 8. Ng5 Qe7 9. a3 Nh6 10. Nd2 Nf5 11. Ndf3 Bh6 12. Bd2 Nd7 13. g3 a5 14. b4 axb4 15. Bxb4 Qxb4+ 16. axb4 Rxa1+ 17. Ke2 Rxh1 18. b5 0-0 19. bxc6 bxc6 20. Qa6 Rb1 21. Qxc6 Bxg5 22. hxg5 Nb8 23. Qa4 Rc8 24. g4 hxg4 25. Nh2 Rxc2+ 26. Kd3 Rc4 27. Qe8+ Kg7 28. Qd8 Nc6 0-1